000 00797cam a22002773a 4500
001 5422
003 PGUSA
005 20140828083120.0
008 040401s2004||||xxu|||||s|||||000 1 eng d
040 _aPGUSA
_beng
042 _adc
050 4 _aPR
100 1 _aThurston, Katherine Cecil,
_d1875-1911
245 1 4 _aThe Masquerader
_h[electronic resource] /
_cKatherine Cecil Thurston
260 _bProject Gutenberg,
_c2004
506 _aPublic domain in the USA.
516 _aElectronic text
653 _aSuccess -- Fiction
653 _aLegislators -- Fiction
653 _aHusband and wife -- Fiction
653 _aImpersonation -- Fiction
653 _aCousins -- Fiction
830 0 _aProject Gutenberg
_v5422
856 4 0 _uhttp://www.gutenberg.org/ebooks/5422
942 _cEB
999 _c234751
_d234751